01496nam0a2200265 4500001002400000005001700024010002200041035002600063100004100089101000800130102000700138105001800145106000600163135001800169200050300187210009400690215001100784230003000795300004200825325006800867337009000935700011901025701007201144852001401216RU\NLR\BIBL_A\01173229820250626120518.0 a978-5-7996-1452-2 a(NLR Aleph) 011732298 a20180618d2015 |||y0rusy50 ca0 arus aRU ay j 000zy as acrmn mmmancda1 aХимия элементовbЭлектронный ресурсeлабораторный практикумfМ. Г. Иванов, В. В. ВайтнерgМинистерство образования и науки Российской Федерации Уральский федеральный университет имени первого Президента России Б. Н. Ельцина, [Институт фундаментального образования] aЕкатеринбургcИзд-во Уральского университетаd2015 a56 с. aЭлектрон. дан. aЗагл. с титул. экрана aКопия доступна в Электрон. б-ке РНБ aРесурс доступен в Электронной библиотеке РНБ 17ca8rusaИвановbМ. Г.cд-р хим. наукgМихаил Григорьевич3RU\NLR\AUTH\770146543 1aВайтнерbВ.В.gВиталий Владимирович00aNLRjЭБ